The quality library : (Record no. 340018)
[ view plain ]
| 000 -LEADER | |
|---|---|
| fixed length control field | 00867nam a2200289Ia 4500 |
| 008 - FIXED-LENGTH DATA ELEMENTS--GENERAL INFORMATION | |
| fixed length control field | 170711s9999 xx 000 0 und d |
| 020 ## - INTERNATIONAL STANDARD BOOK NUMBER | |
| International Standard Book Number | 9789746522205 |
| 050 ## - LIBRARY OF CONGRESS CALL NUMBER | |
| Classification number | 25.1 |
| 050 ## - LIBRARY OF CONGRESS CALL NUMBER | |
| Item number | L374 2008 |
| 100 ## - MAIN ENTRY--PERSONAL NAME | |
| Personal name | Laughlin, Sara |
| 245 #4 - TITLE STATEMENT | |
| Title | The quality library : |
| 245 ## - TITLE STATEMENT | |
| Remainder of title | a guide to staff-driven improvement, better efficiency, and happier customers / |
| 245 ## - TITLE STATEMENT | |
| Statement of responsibility, etc | by Sara Laughlin and Ray W. Wilson. |
| 260 ## - PUBLICATION, DISTRIBUTION, ETC. (IMPRINT) | |
| Place of publication, distribution, etc | Chicago : |
| 260 ## - PUBLICATION, DISTRIBUTION, ETC. (IMPRINT) | |
| Name of publisher, distributor, etc | American Library Association, |
| 260 ## - PUBLICATION, DISTRIBUTION, ETC. (IMPRINT) | |
| Date of publication, distribution, etc | 2008 |
| 300 ## - PHYSICAL DESCRIPTION | |
| Extent | xiv, 144 pages : |
| 300 ## - PHYSICAL DESCRIPTION | |
| Other physical details | illustrations ; |
| 300 ## - PHYSICAL DESCRIPTION | |
| Dimensions | 27cm. |
| 500 ## - GENERAL NOTE | |
| General note | Includes appendix, glossary, bibliographic reference and index. |
| 650 ## - SUBJECT ADDED ENTRY--TOPICAL TERM | |
| Topical term or geographic name as entry element | Library administration -- |
| 650 ## - SUBJECT ADDED ENTRY--TOPICAL TERM | |
| Topical term or geographic name as entry element | Library planning. |
| 650 ## - SUBJECT ADDED ENTRY--TOPICAL TERM | |
| Topical term or geographic name as entry element | Total quality management. |
| 650 ## - SUBJECT ADDED ENTRY--TOPICAL TERM | |
| General subdivision | United States. |
| 700 ## - ADDED ENTRY--PERSONAL NAME | |
| Personal name | Title. |
| 700 ## - ADDED ENTRY--PERSONAL NAME | |
| Personal name | Wilson, Ray W. |
No items available.